000 00379cam a22001217a 4500
008 180718b1969 xxu||||| |||| 00| 0 eng d
082 _aX2103 x5461 Sh92
100 _aShukla, Shiv Shankar
245 _aDelhi municipal corporation building bye- laws
_cby Shiv Shankar Shukla
260 _aDelhi
_bFederal Law
_c1969
300 _a200p
650 _aBuilding laws --Delhi (Union Ter.)
999 _c415176
_d415176